Christian Rome: A History - Statistics

General Stats
  • This quiz has been taken 29 times
  • The average score is 6 of 15
Answer Stats
Hint Answer % Correct
1.)Emperor who ordered the last great persecution of Christians (c.302-303 A.D.) Diocletian
83%
5.) Controversial belief (was later declared a heresy) that existed in the time of no.3 and his sons on the divinity of Christ Arianism
78%
12.) Pagan emperor who attempted to revive Roman religion. Called "the Apostate" Julian
74%
15.) Church father born during this time. Wrote "City of God". Augustine
65%
3.) Western Emperor who signed the Edict of Milan. (313 A.D.) Constantine I
52%
6.) Council where said controversy was adressed, commonly referred to as the first Ecumenical council Council of Nicaea
39%
14.) Christian kingdom that existed in modern-day Ethiopia Axum
35%
11.) "Historian" who wrote "Life of Constantine" - credited with much of the Constantinian propaganda Eusebius
35%
2.)Emperor who was accused of insighting no.1 to issue persecution edicts. Signed a Edict of Toleration on his deathbed. Galerius
35%
10.) Bishop of Alexandria who was exiled five times because of no.5 controversy Athanasius
22%
13.) Emperor from Spain who was the last single ruler of the Roman Empire and also declared Nicene Christianity the State religion and only acceptable religion. Theodosius I
22%
7.) Splinter group who formed in North Africa over the treatment of Christians who sacrificed to idols during the persecutions Donatism
17%
4.) Eastern Emperor "" Licinus
9%
9.) Empire that started mass persecution because of its belief that Christians were spies of Rome Sassanid Empire
9%
8.) Fringe group of no.7 that formed "terrorist" group. Circumcellions
4%
No matching quizzes found
Score Distribution
Percent of People with Each Score
Percentile by Number Answered
Your Score History
You have not taken this quiz